| 000 | 00516nam a2200157 i 4500 | ||
|---|---|---|---|
| 001 | 60711 | ||
| 003 | ES-MaACL | ||
| 005 | 20230906164306.0 | ||
| 007 | t| | ||
| 008 | 031105s1971 sp ||||1| spa d | ||
| 100 | 1 |
_aEstévez Villaverde, Emilia. _948171 |
|
| 245 | 1 | 0 |
_aSantiago en la leyenda _b: historia del Apóstol (basada en la tradición) / _cEmilia Estévez Villaverde. |
| 260 |
_aPuenteareas : _b[s.n., _c1971] ( _fImp. Paredes) |
||
| 300 |
_a43 p., 7 lám. ; _c22 cm. |
||
| 852 |
_aES-MaACL _jC-47254 _bR.77366 |
||
| 999 |
_c60711 _d60711 |
||